Vở bài tập Toán 2
óách gồm các bài tập hướng dẫn các em cộng, trừ, nhân, chia vtrong phạm vi 1000 và các bài toán về các đại lượng kilômét, mét, giờ, các đoạn thẳng trong một hình.
Kaydedildi:
| Materyal Türü: | Kitap |
|---|---|
| Dil: | Undetermined |
| Baskı/Yayın Bilgisi: |
Hà Nội
Giáo dục
2010
|
| Konular: | |
| Etiketler: |
Etiketle
Etiket eklenmemiş, İlk siz ekleyin!
|
| Thư viện lưu trữ: | Trung tâm Học liệu Trường Đại học Cần Thơ |
|---|
| LEADER | 00853nam a2200205Ia 4500 | ||
|---|---|---|---|
| 001 | CTU_158040 | ||
| 008 | 210402s9999 xx 000 0 und d | ||
| 020 | |c 4800 | ||
| 082 | |a 372.7076 | ||
| 082 | |b V460/T.2/L.2 | ||
| 245 | 0 | |a Vở bài tập Toán 2 | |
| 245 | 0 | |c Đỗ Đình Hoan, ... [et. al] | |
| 260 | |a Hà Nội | ||
| 260 | |b Giáo dục | ||
| 260 | |c 2010 | ||
| 520 | |a óách gồm các bài tập hướng dẫn các em cộng, trừ, nhân, chia vtrong phạm vi 1000 và các bài toán về các đại lượng kilômét, mét, giờ, các đoạn thẳng trong một hình. | ||
| 650 | |a Mathematics | ||
| 650 | |x Study and teaching (Elementary) | ||
| 904 | |i Phan Thị Kim Lan (Đào Thị Bé Ba) (Bạch Trúc) | ||
| 980 | |a Trung tâm Học liệu Trường Đại học Cần Thơ | ||